|
|
|
|
| LEADER |
00000nam0a2200000 4500 |
| 001 |
373633 |
| 005 |
20231101050823.0 |
| 035 |
|
|
|a (RuTPU)RU\TPU\retro\31063
|
| 035 |
|
|
|a RU\TPU\book\248206
|
| 090 |
|
|
|a 373633
|
| 100 |
|
|
|a 20221216d1950 km y0rusy50 ca
|
| 101 |
0 |
|
|a rus
|
| 102 |
|
|
|a RU
|
| 105 |
|
|
|a a z 001zy
|
| 200 |
1 |
|
|a Конструирование архитектурно-художественных изделий из металла
|f З. Н. Быков, Н. К. Майков
|
| 210 |
|
|
|a Москва
|c Государственное издательство архитектуры и градостроительства
|d 1950
|
| 215 |
|
|
|a 238 с.
|c ил.
|
| 320 |
|
|
|a Библиогр.: с. 235-236.
|
| 606 |
1 |
|
|a Литье художественное
|2 stltpush
|3 (RuTPU)RU\TPU\subj\40504
|
| 610 |
1 |
|
|a архитектура
|
| 610 |
1 |
|
|a архитектурная среда
|
| 610 |
1 |
|
|a архитектурно-строительные детали
|
| 610 |
1 |
|
|a художественные изделия
|
| 610 |
1 |
|
|a художественные металлы
|
| 610 |
1 |
|
|a художественная обработка
|
| 610 |
1 |
|
|a металлические детали
|
| 610 |
1 |
|
|a металлы
|
| 610 |
1 |
|
|a сортимент
|
| 610 |
1 |
|
|a соединения
|
| 610 |
1 |
|
|a допуски
|
| 610 |
1 |
|
|a декоративные покрытия
|
| 610 |
1 |
|
|a ограждающие конструкции
|
| 610 |
1 |
|
|a фонари
|
| 610 |
1 |
|
|a фонтаны
|
| 610 |
1 |
|
|a вазы
|
| 675 |
|
|
|a 739
|v 3
|
| 675 |
|
|
|a 72.02
|v 3
|
| 700 |
|
1 |
|a Быков
|b З. Н.
|
| 701 |
|
1 |
|a Майков
|b Н. К.
|
| 801 |
|
1 |
|a RU
|b 63413507
|c 20121210
|
| 801 |
|
2 |
|a RU
|b 63413507
|c 20221216
|g RCR
|
| 942 |
|
|
|c BK
|